Разработка мультимедийных средств обучения для дисциплины "шрифты"; Информационные технологии в науке, управлении, социальной сфере и медицине; Ч. 1
| Parent link: | Информационные технологии в науке, управлении, социальной сфере и медицине: сборник научных трудов III Международной научной конференции, 23-26 мая 2016 г., Томск.— , 2016 Ч. 1.— 2016.— [С. 568-570] |
|---|---|
| Autor Principal: | |
| Autor Corporativo: | |
| Outros autores: | , |
| Summary: | Заглавие с титульного экрана The creation of four video tutorials in support of the discipline "Fonts" that allow students to learn the theoretical material in font art and master the technique of hand-made graphics. |
| Idioma: | ruso |
| Publicado: |
2016
|
| Series: | Компьютерная графика и дизайн |
| Subjects: | |
| Acceso en liña: | http://earchive.tpu.ru/handle/11683/31648 |
| Formato: | MixedMaterials Electrónico Capítulo de libro |
| KOHA link: | https://koha.lib.tpu.ru/cgi-bin/koha/opac-detail.pl?biblionumber=619479 |
MARC
| LEADER | 00000naa2a2200000 4500 | ||
|---|---|---|---|
| 001 | 619479 | ||
| 005 | 20250124110700.0 | ||
| 035 | |a (RuTPU)RU\TPU\conf\17915 | ||
| 035 | |a RU\TPU\conf\17914 | ||
| 090 | |a 619479 | ||
| 100 | |a 20160823d2016 k y0rusy50 ca | ||
| 101 | 0 | |a rus | |
| 102 | |a RU | ||
| 105 | |a y z 101zy | ||
| 135 | |a drcn ---uucaa | ||
| 181 | 0 | |a i | |
| 182 | 0 | |a b | |
| 200 | 1 | |a Разработка мультимедийных средств обучения для дисциплины "шрифты" |d Development of multimedia learning tools for the discipline "fonts" |f А. И. Неудахина, А. А. Штремель, Е. М. Давыдова | |
| 203 | |a Текст |c электронный | ||
| 225 | 1 | |a Компьютерная графика и дизайн | |
| 300 | |a Заглавие с титульного экрана | ||
| 320 | |a [Библиогр.: с. 570 (4 назв.)] | ||
| 330 | |a The creation of four video tutorials in support of the discipline "Fonts" that allow students to learn the theoretical material in font art and master the technique of hand-made graphics. | ||
| 461 | 1 | |0 (RuTPU)RU\TPU\conf\17281 |t Информационные технологии в науке, управлении, социальной сфере и медицине |o сборник научных трудов III Международной научной конференции, 23-26 мая 2016 г., Томск |o в 2 ч. |d 2016 | |
| 463 | 1 | |0 (RuTPU)RU\TPU\conf\17283 |t Ч. 1 |f Национальный исследовательский Томский политехнический университет (ТПУ) ; ред. кол. О. Г. Берестнева ; О. М. Гергет ; Т. А. Гладкова |v [С. 568-570] |d 2016 | |
| 510 | 1 | |a Development of multimedia learning tools for the discipline "fonts" |z eng | |
| 610 | 1 | |a труды учёных ТПУ | |
| 610 | 1 | |a электронный ресурс | |
| 610 | 1 | |a шрифты | |
| 610 | 1 | |a графика | |
| 610 | 1 | |a электронные материалы | |
| 610 | 1 | |a профессиональные компетенции | |
| 700 | 1 | |a Неудахина |b А. И. | |
| 701 | 1 | |a Штремель |b А. А. | |
| 701 | 1 | |a Давыдова |b Е. М. |c специалист в области инженерной графики и начертательной геометрии |c старший преподаватель Томского политехнического университета |f 1975- |g Евгения Михайловна |3 (RuTPU)RU\TPU\pers\32802 |9 16660 | |
| 712 | 0 | 2 | |a Национальный исследовательский Томский политехнический университет (ТПУ) |b Институт кибернетики (ИК) |b Кафедра инженерной графики и промышленного дизайна (ИГПД) |3 (RuTPU)RU\TPU\col\18737 |
| 801 | 2 | |a RU |b 63413507 |c 20160912 |g RCR | |
| 856 | 4 | |u http://earchive.tpu.ru/handle/11683/31648 | |
| 942 | |c BK | ||